| 000 | 01066 a2200205 4500 | ||
|---|---|---|---|
| 003 | Nust | ||
| 005 | 20221125120942.0 | ||
| 010 | _a 78015832 | ||
| 020 | _a0064601587 : | ||
| 040 | _cNust | ||
| 082 | 0 | 0 | _a520,CUL |
| 100 | 1 |
_aCulver, Roger B. _9103604 |
|
| 245 | 1 | 0 |
_aAstronomy / _cRoger B. Culver. |
| 260 |
_aNew York : _bBarnes & Noble Books, _c1979. |
||
| 300 |
_aviii, 295 p. : _bill. ; _c21 cm. |
||
| 490 | 0 | _aThe Barnes & Noble outline series ; COS 158 | |
| 505 | _aThe History of Astronomical Thought (Page-1), Astronomical Instrumentations (Page-16), Some Principles of Observation Astronomy (Page-33), Motion and Gravity (Page-53), The System of Planets (Page-68), The Earth and the Moon (Page-89), The Interplanetary Medium(Page-110), The Sun (Page-124), Properties of Stars (Page-136), Peculiar Stars (Page-154),The Interstellar Medium (Page-166), Stellar Evolutions (Page-177), Star Clusters (Page-186), The Milky way Galaxies (Page-205), Cosmology (Page-223). | ||
| 650 | 0 |
_aAstronomy _xOutlines, syllabi, etc. _9103605 |
|
| 942 |
_2ddc _cBK _k520,CUL |
||
| 999 |
_c181349 _d181349 |
||